000 00685nam a2200241 i 4500
001 C2-0308486
003 PPAK
005 20180728095335.0
008 110504s2005 nyu |||| ||||| | eng d
020 _a0814408303
040 _aPPAK
_beng
_cPPAK
_erda
082 0 4 _a658
_223
090 0 0 _a658
_bELL
_dKMI
100 1 _aEllis, Carol W.,
_eauthor
245 1 0 _aManagement skills for new managers
264 1 _aNew York :
_bAmerican Management Association ,
_c2005
300 _ax, 144 pages ;
_c23 cm
336 _2rdacontent
_atext
337 _2rdamedia
_aunmediated
338 _2rdacarrier
_avolume
650 1 0 _aManagement. ; Communication in management.
942 _ddc
_cB
999 _c111095
_d111095